00610 2200169 4500245004600000020002200046250001100068100001400079650001700093005001900110260003800129041001400167084001100181300003100192500020800223336000900431 aPatah Hati di Tanah SucicTasaro GKhText a978-602-291-411-2 aCet. 1 aTasaro GK aNovel Islami a20231002110415 aYogyakartabPenerit Bentangc2018 aIndonesia a808.83 aviii, 332 hlm. :c20.5 cm. aPada pusara sang ayahanda, tasaro memutar ulang memorinya. Betapa berjaraknya hubungan yang mereka jalin selama ini. Ia mengingat bahwa tak banyak percakapan yang mereka lakukan demi merekatkan hubungan. atext